000 01371cam a2200361 i 4500
999 _c2595
_d2595
001 18414005
003 OSt
005 20230724153816.0
008 141222m20149999xxkak 001 0 eng
010 _a 2014451561
020 _a9781107614581
040 _aDLC
_beng
_erda
_cDLC
_dDLC
_dKH8
042 _apcc
082 0 0 _a530.076 SAN
100 1 _aSang, David,
_eauthor.
245 1 0 _aCambridge IGCSE Physics:
_bCoursebook /
_cDavid Sang.
246 3 0 _aIGCSE physics
250 _aSecond edition.
264 1 _aCambridge, United Kingdom :
_bCambridge University Press,
_c<2014>-
300 _avi, 368 pages ;
_billustrations,
_c28 cm +
_e1 CD-ROM.
336 _atext
_btxt
_2rdacontent
337 _aunmediated
_bn
_2rdamedia
338 _avolume
_bnc
_2rdacarrier
500 _a"Endorsed by University of Cambridge international examinations"--cover.
500 _aIncludes index.
500 _aVolume 1 has a CD-ROM (4 3/4 in.) in pocket of rear cover.
505 0 _a[v. 1.] Coursebook -- [v. 2.] Workbook -- [v. 3.] Teacher's resource.
610 2 0 _aInternational General Certificate of Secondary Education (IGCSE)
_vStudy guides.
650 0 _aPhysics
_xExaminations
_vStudy guides.
650 0 _aPhysics
_vExaminations, questions, etc.
710 2 _aUniversity of Cambridge.
_bLocal Examinations Syndicate.
_bInternational Examinations.
942 _2ddc
_cTR